[Event "British Chess Championships 2023: Junior Blitz Open"]
[Site "The Venue, De Montfort University, 20 Western Boulevard, Leicester, LE2 7BU"]
[Date "2023.07.27"]
[Round "1"]
[Board "21"]
[White "Sewart, Daniel"]
[Black "Sharma, Josh"]
[Result "0-1"]
[WhiteElo "1374"]
[BlackElo "1663"]
[PlyCount "0"]
[EventDate "2023.07.27"]
[EventRounds "9"]
[EventCountry "ENG"]

1. e4 e5 2. Nf3 Nc6 3. Bc4 Nf6 4. O-O Nxe4 5. Re1 d5 6. Bb5 Bc5 7. Re2 Qd6 8. d3
Nxf2 9. Rxf2 Bxf2+ 10. Kxf2 O-O 11. Be3 Bg4 12. h3 Bh5 13. g4 Bg6 14. Bxc6 bxc6 15.
Nbd2 f5 16. gxf5 Bxf5 17. h4 e4 18. dxe4 dxe4 19. Qg1 exf3 20. Nb3 Rae8 21. Bd4 Qd7
22. Rd1 Qf7 23. Bc5 Bxc2 24. Bxf8 Bxd1 25. Qxd1 Re2+ 26. Kg3 Rg2+  0-1

[Event "British Chess Championships 2023: Junior Blitz Open"]
[Site "The Venue, De Montfort University, 20 Western Boulevard, Leicester, LE2 7BU"]
[Date "2023.07.27"]
[Round "1"]
[Board "22"]
[White "Roul, Tushar"]
[Black "Pai, Aditya"]
[Result "1-0"]
[WhiteElo "1660"]
[BlackElo "1338"]
[PlyCount "0"]
[EventDate "2023.07.27"]
[EventRounds "9"]
[EventCountry "ENG"]

1. e4 c5 2. Nf3 Nc6 3. Bb5 d6 4. c3 Bd7 5. O-O g6 6. Re1 Bg7 7. d4 cxd4 8. cxd4 a6
9. Ba4 Nf6 10. Nc3 O-O 11. Be3 Re8 12. Bb3 e6 13. Qd2 Rc8 14. Rac1 Na5 15. e5 Nxb3
16. axb3 Nd5 17. Nxd5 exd5 18. Rxc8 Bxc8 19. Bg5 Qb6 20. exd6 Qxd6 21. Rxe8+ Qf8
22. Rxf8+ Bxf8 23. Qe3 Bd7 24. Ne5 Bc6 25. Nxc6 bxc6 26. Bf6 a5 27. Be7 Bg7 28. Bd8
h5 29. Bxa5 Kh7 30. Bd2 Kg8 31. Qc3 c5 32. Qxc5 Kh7 33. h4 f5 34. Qe7 f4 35. Bxf4
g5 36. Qxg7+ Kxg7 37. Bxg5 Kg6 38. b4 Kf7 39. b5 Ke6 40. f3 Kd7 41. g4 hxg4 42. h5
gxf3 43. h6 f2+ 44. Kf1 Kc7 45. b4 Kd6 46. h7 Ke6 47. h8=Q Kf5 48. Qf6+ Ke4 49. Qf4+
Kd3 50. Qe3+ Kc4 51. Qxf2 Kxb5 52. Qc2 Kxb4 53. Bd2+ Ka3 54. Bb4+ Kxb4 55. Ke2 Ka3
56. Qb1 Ka4 57. Qb6 Ka3 58. Qb5 Ka2 59. Qb4 Ka1 60. Kd2 Ka2 61. Kc2 Ka1 62. Qb2#
 1-0

[Event "British Chess Championships 2023: Junior Blitz Open"]
[Site "The Venue, De Montfort University, 20 Western Boulevard, Leicester, LE2 7BU"]
[Date "2023.07.27"]
[Round "2"]
[Board "1"]
[White "Badacsonyi, Stanley"]
[Black "Roul, Tushar"]
[Result "1-0"]
[WhiteElo "2231"]
[BlackElo "1660"]
[PlyCount "0"]
[EventDate "2023.07.27"]
[EventRounds "9"]
[EventCountry "ENG"]

1. d4 Nf6 2. Bg5 h6 3. Bxf6 exf6 4. e3 d5 5. c4 c6 6. Nc3 Bb4 7. cxd5 Bxc3+ 8. bxc3
cxd5 9. Nf3 Nc6 10. Bd3 O-O 11. O-O Bg4 12. Rb1 Qd7 13. Re1 Rac8 14. h3 Bxf3 15.
Qxf3 a6 16. c4 Rcd8 17. Qxd5 Qc7 18. Qf5 g6 19. Qxf6 Rd6 20. Qf4 Kg7 21. c5 Rd7 22.
Qxc7 Rxc7 23. Rb6 Rd8 24. Reb1 Rdd7 25. Be4 Nd8 26. g4 Re7 27. Bf3 Red7 28. a4 g5
29. Rc1 Nc6 30. Bxc6 Rxc6 31. Rxc6 bxc6 32. Rb1 Ra7 33. Rb6 Rc7 34. Rxa6 Kf6 35.
d5 Ke7  1-0

[Event "British Chess Championships 2023: Junior Blitz Open"]
[Site "The Venue, De Montfort University, 20 Western Boulevard, Leicester, LE2 7BU"]
[Date "2023.07.27"]
[Round "2"]
[Board "2"]
[White "Sharma, Josh"]
[Black "Mathur, Pranav"]
[Result "0-1"]
[WhiteElo "1663"]
[BlackElo "2026"]
[PlyCount "0"]
[EventDate "2023.07.27"]
[EventRounds "9"]
[EventCountry "ENG"]

1. d4 Nf6 2. Nc3 d5 3. Bf4 c6 4. e3 Bf5 5. Nf3 e6 6. Ne5 Nbd7 7. g4 Be4 8. f3 Bg6
9. h4 h6 10. Nxg6 fxg6 11. Bd3 Kf7 12. Qe2 Bb4 13. e4 Qa5 14. Bd2 Qc7 15. a3 Qg3+
16. Qf2 Qxf2+ 17. Kxf2 Ba5 18. g5 Ne8 19. b4 Bc7 20. Rag1 h5 21. Re1 Nd6 22. e5 Nf5
23. Bxf5 gxf5 24. a4 Bb6 25. Ne2 a5 26. b5 cxb5 27. axb5 Nxe5 28. Be3 Nc4 29. Nf4
g6 30. c3 Rhe8 31. Nd3 Rac8 32. Ne5+ Nxe5 33. dxe5 Bxe3+ 34. Rxe3 Rc5 35. Rb1 Rec8
36. Rb3 b6 37. Ke2 Rc4 38. Rd3 Rxh4 39. Ke3 Rh1 40. Rb2 Re1+ 41. Re2 Rxe2+ 42. Kxe2
Rc5 43. f4 Rxb5 44. c4 Rc5 45. cxd5 Rxd5 46. Rc3 Ke7 47. Rc7+ Rd7 48. Rc6 Rb7 49.
Rd6 b5 50. Ra6 a4  0-1

[Event "British Chess Championships 2023: Junior Blitz Open"]
[Site "The Venue, De Montfort University, 20 Western Boulevard, Leicester, LE2 7BU"]
[Date "2023.07.27"]
[Round "2"]
[Board "3"]
[White "Kothari, Jai"]
[Black "Wills, Jack"]
[Result "1-0"]
[WhiteElo "1951"]
[BlackElo "1655"]
[PlyCount "0"]
[EventDate "2023.07.27"]
[EventRounds "9"]
[EventCountry "ENG"]

1. e4 e5 2. Nf3 Nc6 3. d4 exd4 4. Nxd4 Bc5 5. Nb3 Bb6 6. Nc3 Nf6 7. Qe2 O-O 8. Be3
h6 9. f3 d6 10. O-O-O Bd7 11. g4 Re8 12. h4 a5 13. g5 Bxe3+ 14. Qxe3 hxg5 15. hxg5
Nh7 16. f4 a4 17. Qh3 axb3 18. Qxh7+ Kf8 19. Nd5 f6 20. g6 Ne7 21. Qh8+ Ng8 22. cxb3
Rxe4 23. Rh7 Re7 24. Bc4 Be6 25. f5 Bxd5 26. Bxd5 Ke8 27. Qxg8+ Kd7 28. Qxd8+ Rxd8
29. Be6+ Kc6 30. Kc2 Ra8 31. a4 b5 32. Bd5+ Kb6 33. Bxa8 Re2+ 34. Rd2 Re7 35. Rh8
bxa4 36. bxa4 Ka5 37. Rd4 Re2+ 38. Kb3 Re3+ 39. Ka2 Rf3 40. Rb8 Rxf5 41. Ka3 Rg5
42. b4+ Ka6 43. Bd5 Rxg6 44. Bc4+ Ka7 45. Rc8 Kb6 46. a5+ Kb7 47. Ba6+ Kxa6 48. Rxc7
f5 49. Ka4 Re6 50. b5#  1-0

[Event "British Chess Championships 2023: Junior Blitz Open"]
[Site "The Venue, De Montfort University, 20 Western Boulevard, Leicester, LE2 7BU"]
[Date "2023.07.27"]
[Round "2"]
[Board "4"]
[White "Cancedda-Dupuis, Livio"]
[Black "Nawalaniec, Adam"]
[Result "1-0"]
[WhiteElo "1862"]
[BlackElo "1614"]
[PlyCount "0"]
[EventDate "2023.07.27"]
[EventRounds "9"]
[EventCountry "ENG"]

1. e4 c5 2. Nf3 d6 3. d4 cxd4 4. Qxd4 Nc6 5. Qa4 Bd7 6. Bb5 a6 7. Bxc6 bxc6 8. Nc3
e5 9. Qc4 Be7 10. Be3 Nf6 11. h3 O-O 12. Qd3 Qa5 13. O-O Rfb8 14. Rfb1 Be6 15. a3
Nd7 16. b4 Qc7 17. a4 Nb6 18. Bxb6 Rxb6 19. a5 Rb7 20. Na4 Raa7 21. Nb6 Rb8 22. c3
c5 23. Nd2 Qc6 24. Nf1 Bd8 25. Nd5 Bxd5 26. exd5 Qc7 27. Ne3 cxb4 28. cxb4 Bg5 29.
Nc4 Rab7 30. Nb6 Ra7 31. Ra2 Bd8 32. Rc2 Qe7 33. Nc8 Qb7 34. Nxa7 Qxa7 35. Rc6 Qb7
36. Qxa6  1-0

[Event "British Chess Championships 2023: Junior Blitz Open"]
[Site "The Venue, De Montfort University, 20 Western Boulevard, Leicester, LE2 7BU"]
[Date "2023.07.27"]
[Round "2"]
[Board "5"]
[White "Yu, Rock"]
[Black "Sedykh, Stakhey"]
[Result "1-0"]
[WhiteElo "1637"]
[BlackElo "1832"]
[PlyCount "0"]
[EventDate "2023.07.27"]
[EventRounds "9"]
[EventCountry "ENG"]

1. c4 e5 2. Nc3 Nc6 3. g3 g6 4. Bg2 Bg7 5. e4 d6 6. Nge2 f5 7. d3 Nf6 8. O-O O-O
9. h3 h6 10. f4 Be6 11. Kh2 Qd7 12. Nd5 Bxd5 13. cxd5 Ne7 14. Nc3 c6 15. dxc6 bxc6
16. Be3 exf4 17. Bxf4 g5 18. Be3 d5 19. e5 Nh7 20. d4 Rab8 21. Na4 Rfe8 22. Nc5 Qc8
23. b3 Nf8 24. Rc1 Ne6 25. Nxe6 Qxe6 26. Rc5 Rb5 27. Qc2 Rxc5 28. Qxc5 Ng6 29. Qxa7
Rf8 30. Bd2 f4 31. g4 Nh4 32. Bb4 Rf7 33. Qb8+ Kh7 34. Qd6 Qc8 35. Be1 Nxg2 36. Kxg2
Qa6 37. Rf2 Qd3 38. Qe6 Qg3+ 39. Kf1 Qxh3+ 40. Kg1 Qg3+ 41. Kf1 Qd3+ 42. Kg1 Rf8
43. Qxc6 Qd1 44. Qc2+ Qxc2 45. Rxc2 f3 46. Kf2 Rf4 47. Rd2 Re4 48. a4 Bf8 49. Rd3
Rxg4 50. Kxf3 Rf4+ 51. Kg3 h5 52. a5 h4+ 53. Kh3 Re4 54. Bd2 g4+ 55. Kxh4 Be7+ 56.
Kg3 Re2 57. a6 Re4 58. a7 Bd8 59. a8=Q Bb6 60. Qxd5 Rxd4 61. Rxd4 Bxd4 62. Qxd4 Kg8
63. Qd7 Kf8 64. Bh6+  1-0

[Event "British Chess Championships 2023: Junior Blitz Open"]
[Site "The Venue, De Montfort University, 20 Western Boulevard, Leicester, LE2 7BU"]
[Date "2023.07.27"]
[Round "2"]
[Board "6"]
[White "Zhu, Pengxiao"]
[Black "Sisupalan, Beni"]
[Result "1-0"]
[WhiteElo "1759"]
[BlackElo "1585"]
[PlyCount "0"]
[EventDate "2023.07.27"]
[EventRounds "9"]
[EventCountry "ENG"]

1. d4 Nf6 2. c4 g6 3. Nc3 Bg7 4. e4 d6 5. Nge2 Nbd7 6. Ng3 O-O 7. Be2 e5 8. d5 a5
9. h4 h5 10. Bg5 Qe8 11. Nb5 Qd8 12. Bxh5 gxh5 13. Nxh5 b6 14. Qf3 Ba6 15. Nc3 Bxc4
16. b3 Ba6 17. Rh3 Bc8 18. Rg3 Kh8 19. Nxg7 Rg8 20. Nh5 Rg6 21. Nxf6 Nxf6 22. h5
Rxg5 23. Rxg5 Nh7 24. Rg3 Qe7 25. O-O-O Bd7 26. Qe3 Qf6 27. Rh1 a4 28. b4 a3 29.
Rf3 Qg7 30. Rg3 Qf6 31. Qe2 b5 32. Nb1 Ra4 33. Rb3 Qg5+ 34. Nd2 Qxg2 35. Qf3 Qg5
36. Re1 f6 37. Ree3 Qg1+ 38. Qd1 Qg5 39. Rg3 Qh6 40. Qg1 Qf8 41. h6 Ng5 42. Nf3 Qxh6
43. Nxg5 fxg5 44. Rxg5 Ra8 45. Kb1 Rf8 46. Rg2 Kh7 47. Rh2 Rf6 48. Rxh6+ Rxh6 49.
Rg3 Kh8 50. Rg8+ Kh7 51. Qg7#  1-0

[Event "British Chess Championships 2023: Junior Blitz Open"]
[Site "The Venue, De Montfort University, 20 Western Boulevard, Leicester, LE2 7BU"]
[Date "2023.07.27"]
[Round "2"]
[Board "7"]
[White "Pert, Max P"]
[Black "Humphreys, Benjamin"]
[Result "1-0"]
[WhiteElo "1614"]
[BlackElo "1723"]
[PlyCount "0"]
[EventDate "2023.07.27"]
[EventRounds "9"]
[EventCountry "ENG"]

1. d4 Nf6 2. Nc3 d5 3. Bf4 g6 4. e3 Bg7 5. h4 h5 6. f3 c6 7. Bd3 Nbd7 8. e4 dxe4
9. fxe4 Nb6 10. Nf3 Ng4 11. Ne2 Be6 12. c3 Nf6 13. Qc2 Qd7 14. O-O-O a5 15. Kb1 a4
16. Ne5 Qd8 17. c4 Ng4 18. Nxg4 Bxg4 19. d5 a3 20. b3 cxd5 21. cxd5 Rc8 22. Qd2 Bc3
23. Nxc3 Bxd1 24. Rxd1 Qd7 25. Bb5  1-0

[Event "British Chess Championships 2023: Junior Blitz Open"]
[Site "The Venue, De Montfort University, 20 Western Boulevard, Leicester, LE2 7BU"]
[Date "2023.07.27"]
[Round "2"]
[Board "8"]
[White "Hariharan, Shambavi"]
[Black "Catabay, Mae C"]
[Result "0-1"]
[WhiteElo "1528"]
[BlackElo "1494"]
[PlyCount "0"]
[EventDate "2023.07.27"]
[EventRounds "9"]
[EventCountry "ENG"]

1. d4 Nf6 2. c4 g6 3. Nf3 Bg7 4. g3 d5 5. Bg2 c6 6. O-O O-O 7. Nc3 e6 8. cxd5 exd5
9. Re1 Re8 10. Bg5 Nbd7 11. e3 h6 12. Bxf6 Nxf6 13. h3 Be6 14. Qb3 Qc8 15. h4 Rb8
16. a4 Ne4 17. Ne2 Bg4 18. Nc3 Nxc3 19. bxc3 Bh3 20. c4 Bxg2 21. Kxg2 Qd7 22. cxd5
Qxd5 23. Qxd5 cxd5 24. Rec1 Rec8 25. Rab1 b6 26. Nd2 Kf8 27. Nb3 Ke7 28. a5 Kd7 29.
axb6 axb6 30. Nd2 Bf8 31. Rxc8 Kxc8 32. Rb5 Kc7 33. Rxd5 b5 34. Nb3 Kc6 35. Re5 Bd6
36. Re4 Kd5 37. Rg4 Kc4 38. Na5+ Kc3 39. Nc6 Rb6 40. d5 b4 41. Rd4 b3 42. Rd1 b2
43. Rb1 Kc2 44. Re1 b1=Q 45. Rxb1 Rxb1 46. e4 Re1 47. f3 Kd2 48. Nd4 Kd3 49. Nc6
Re2+ 50. Kh3 h5 51. g4 Rh2  0-1

[Event "British Chess Championships 2023: Junior Blitz Open"]
[Site "The Venue, De Montfort University, 20 Western Boulevard, Leicester, LE2 7BU"]
[Date "2023.07.27"]
[Round "2"]
[Board "9"]
[White "Whelan, Joseph"]
[Black "Kairat, Alexander"]
[Result "0-1"]
[WhiteElo "1675"]
[BlackElo "1486"]
[PlyCount "0"]
[EventDate "2023.07.27"]
[EventRounds "9"]
[EventCountry "ENG"]

1. d4 Nf6 2. Bf4 e6 3. e3 d5 4. c4 c6 5. c5 Be7 6. Nc3 h6 7. Bd3 b6 8. b4 Bb7 9.
Nf3 Nbd7 10. Ne5 O-O 11. Nxd7 Qxd7 12. Be5 Rfc8 13. g4 a5 14. a3 Ba6 15. Na4 Bd8
16. Bxf6 gxf6 17. Bb1 e5 18. g5 fxg5 19. dxe5 Qe6 20. Qc2 Qxe5 21. Qh7+ Kf8 22. Qxh6+
Qg7 23. Qxg7+ Kxg7 24. Rg1 b5 25. Nc3 Rc7 26. h4 f6 27. h5 Bc8 28. Kd2 axb4 29. h6+
Kxh6 30. Rh1+ Kg7 31. Ne2 Rxa3 32. Rxa3 bxa3 33. Nd4 b4 34. Kc2 Kg8 35. Kb3 f5 36.
Nxf5 Bxf5 37. Bxf5 Ra7 38. Bb1 Bf6 39. Ba2 Bc3 40. Rh6 Rc7 41. Rg6+ Kh7 42. Bb1 Kh8
43. Rxg5 Rg7 44. Rg1 Rxg1 45. Ba2 Rf1 46. f4 Kg7 47. Ka4 Rf2 48. Kb3 Rc2 49. Ka4
Rxa2 50. f5 Rf2  0-1

[Event "British Chess Championships 2023: Junior Blitz Open"]
[Site "The Venue, De Montfort University, 20 Western Boulevard, Leicester, LE2 7BU"]
[Date "2023.07.27"]
[Round "2"]
[Board "10"]
[White "Li, Xiaofan"]
[Black "Wang, Yuan Ya"]
[Result "1-0"]
[WhiteElo "1673"]
[BlackElo "1130"]
[PlyCount "0"]
[EventDate "2023.07.27"]
[EventRounds "9"]
[EventCountry "ENG"]

1. e4 e5 2. Nf3 Nc6 3. Bc4 Bc5 4. c3 Nf6 5. d4 exd4 6. e5 Qe7 7. cxd4 Bb4+ 8. Nc3
O-O 9. O-O Bxc3 10. exf6 Qxf6 11. bxc3 d6 12. Bg5 Qg6 13. Bd3 Qe6 14. Re1 Qg4 15.
h3 Qh5 16. Kh2 f6 17. Bf4 Bg4 18. Kg1 Bxf3 19. Qxf3 Qxf3 20. gxf3 Rae8 21. Be4 Rb8
22. Bxc6 bxc6 23. Rab1 Rxb1 24. Rxb1 Re8 25. Kf1 Kf7 26. Rb7 Kg6 27. Rxc7 d5 28.
Rxa7 Kf5 29. Be3 g5 30. Rxh7 Kg6 31. Rc7 Re6 32. Ke2 f5 33. Kd3 f4 34. Bd2 Kf6 35.
a4 c5 36. Rxc5 Ra6 37. a5 Ke6 38. c4  1-0

[Event "British Chess Championships 2023: Junior Blitz Open"]
[Site "The Venue, De Montfort University, 20 Western Boulevard, Leicester, LE2 7BU"]
[Date "2023.07.27"]
[Round "2"]
[Board "11"]
[White "Schweitzer, Zubin"]
[Black "Ding, Yiwen"]
[Result "1/2-1/2"]
[WhiteElo "1495"]
[BlackElo "1664"]
[PlyCount "0"]
[EventDate "2023.07.27"]
[EventRounds "9"]
[EventCountry "ENG"]

1. e4 c5 2. Nc3 d6 3. f4 Nd7 4. Nf3 Ngf6 5. Bc4 e6 6. O-O a6 7. a4 Be7 8. d4 cxd4
9. Nxd4 Qc7 10. Bb3 b6 11. Be3 Bb7 12. Qd3 Nc5 13. Qe2 Nxb3 14. cxb3 Nxe4 15. Nxe4
Bxe4 16. Rac1 Qb7 17. f5 e5 18. Nf3 h6 19. Nd2 Bd5 20. Nc4 Bxc4 21. bxc4 Rc8 22.
Qg4 Bf6 23. Bf2 h5 24. Qh3 Qe4 25. Bxb6 Rxc4 26. Rxc4 Qxc4 27. b3 Qc6 28. Bf2 Qd7
29. Bh4 Bxh4 30. Qxh4 Qe7 31. f6 gxf6 32. Rf5 Qa7+ 33. Kf1 Qd4 34. Qxd4 exd4 35.
Rxf6 Ke7 36. Rf4 Rb8 37. Rf3 Ke6 38. Ke2 Ke5 39. g3 f5 40. Rd3 Kd5 41. Kf3 Ke5 42.
h3 Rg8 43. Rd2 Rb8 44. Rd3 Rg8 45. Rd2 Rb8 46. Rd3  1/2-1/2

[Event "British Chess Championships 2023: Junior Blitz Open"]
[Site "The Venue, De Montfort University, 20 Western Boulevard, Leicester, LE2 7BU"]
[Date "2023.07.27"]
[Round "2"]
[Board "12"]
[White "Dayal, Samar"]
[Black "Patel, Zain"]
[Result "1/2-1/2"]
[WhiteElo "1400"]
[BlackElo "1919"]
[PlyCount "0"]
[EventDate "2023.07.27"]
[EventRounds "9"]
[EventCountry "ENG"]

1. e4 c6 2. d4 d5 3. exd5 cxd5 4. c4 Nf6 5. Nc3 e6 6. c5 b6 7. b4 Be7 8. Nf3 O-O
9. Bb5 a5 10. Na4 bxc5 11. bxc5 Bd7 12. Bxd7 Nbxd7 13. O-O Qc7 14. Ba3 e5 15. c6
Bxa3 16. cxd7 Nxd7 17. dxe5 Nxe5 18. Qxd5 Nxf3+ 19. Qxf3 Rad8 20. Rfd1 Bb4 21. a3
Bd6 22. Rac1 Qe7 23. h3 Bxa3 24. Re1 Qb4 25. Re4 Bxc1 26. Rxb4 axb4 27. Qb3 Bd2 28.
Nb6 Rfe8 29. Nd5 Rb8 30. Kh2 h6 31. Qd3 Bg5 32. Qb3 Rec8 33. f4 Bd8 34. Qe3 Ba5 35.
Ne7+ Kh8 36. Nxc8 Rxc8 37. Qb3 Rb8 38. f5 Bc7+ 39. Kg1 Be5 40. Kf1 Bc3 41. Kg1 Kg8
42. Kh2 Ra8 43. Qd5 Rb8 44. Qb3 Rb5 45. g4 Re5 46. Qc4 Re8 47. Qb3 Rd8 48. Kg3 Rd3+
49. Kg2 Rd2+ 50. Kg3 Rd6 51. Qa4 Rb6 52. Qe8+ Kh7 53. Qxf7 b3 54. g5 Be5+ 55. Kf3
hxg5 56. Qh5+ Kg8 57. Qe8+ Kh7 58. Qh5+ Kg8  1/2-1/2

[Event "British Chess Championships 2023: Junior Blitz Open"]
[Site "The Venue, De Montfort University, 20 Western Boulevard, Leicester, LE2 7BU"]
[Date "2023.07.27"]
[Round "2"]
[Board "13"]
[White "Zhao, George"]
[Black "Banerjee, Supratit"]
[Result "1/2-1/2"]
[WhiteElo "1720"]
[BlackElo "1918"]
[PlyCount "0"]
[EventDate "2023.07.27"]
[EventRounds "9"]
[EventCountry "ENG"]

1. d4 d5 2. Nf3 Nf6 3. g3 e6 4. Bg2 c5 5. a3 cxd4 6. Nxd4 Nc6 7. Nxc6 bxc6 8. O-O
Bd6 9. c4 O-O 10. b4 Be5 11. Ra2 Ba6 12. cxd5 exd5 13. Nd2 Re8 14. Re1 Bc3 15. Rc2
Bxd2 16. Qxd2 Rc8 17. Bb2 h6 18. Qc3 Qd7 19. Rd2 Qf5 20. e3 Qg6 21. Rdd1 Bc4 22.
e4 Rcd8 23. exd5 Rxe1+ 24. Rxe1 Bxd5 25. Bxd5 Nxd5 26. Qd4 f6 27. Qxa7 Nf4 28. Qe3
Nh3+ 29. Kg2 Ng5 30. Qb3+ Kh7 31. Qe3 Nf7 32. h4 Nd6 33. Bc3 Nf5 34. Qe4 Nd6 35.
Qxg6+ Kxg6 36. Rd1 Nf7 37. Rxd8 Nxd8 38. Bd4 Nb7 39. Bc5 Kf7 40. Be3 Ke6 41. Kf3
Kd5 42. Bc1 Nd6 43. Ke2 Nb5 44. Kd3 Nd6 45. f3 g5 46. hxg5 hxg5 47. g4 Nf7 48. Bb2
Ke6 49. Ke3 Nd6 50. Kd3 Nb5 51. a4 Nd6 52. a5 Nb7 53. a6 Nd6 54. a7 Nb5 55. a8=Q
c5 56. Qc6+ Kf7 57. Qxb5 c4+ 58. Qxc4+ Ke8 59. Qe6+ Kd8 60. Bxf6+ Kc7 61. Qe7+ Kb6
62. Bd4+ Kb5 63. Qc5+ Ka4 64. Qa5+ Kb3 65. b5  1/2-1/2

[Event "British Chess Championships 2023: Junior Blitz Open"]
[Site "The Venue, De Montfort University, 20 Western Boulevard, Leicester, LE2 7BU"]
[Date "2023.07.27"]
[Round "2"]
[Board "14"]
[White "Verbytski, Oleg"]
[Black "Kumar, Sachin"]
[Result "1/2-1/2"]
[WhiteElo "1727"]
[BlackElo "1608"]
[PlyCount "0"]
[EventDate "2023.07.27"]
[EventRounds "9"]
[EventCountry "ENG"]

1. e4 c5 2. Nf3 e6 3. d4 cxd4 4. Nxd4 Qb6 5. Nc3 Bc5 6. Be3 Nc6 7. Nce2 Nxd4 8. Bxd4
Bxd4 9. Qxd4 Qxd4 10. Nxd4 Nf6 11. e5 Nd5 12. O-O-O a6 13. c4 Nf4 14. g3 Ng6 15.
f4 O-O 16. Bg2 Rb8 17. Nb3 b5 18. cxb5 Rxb5 19. Rd6 Ne7 20. Rhd1 Nf5 21. R6d3 Rd8
22. Nd4 Nxd4 23. Rxd4 Rc5+ 24. Kb1 Rc7 25. Rd6 Ra7 26. a4 Kf8 27. Ka1 Rc7 28. Rb6
Rc2 29. Rg1 Ke7 30. Kb1 Rf2 31. Rd6 f6 32. Be4 Rxh2 33. Re1 fxe5 34. fxe5 Rh5 35.
Bc2 Rg5 36. Bxh7 Rxg3 37. Ka2 Rg5 38. Rb6 d6 39. exd6+ Rxd6 40. Rb8 Rd8 41. Rc1 Rh5
42. Bg6 Rhh8 43. Be4 Bd7 44. Rxd8 Rxd8 45. Rg1 Kf8 46. Bh7 Bxa4 47. Rf1+ Ke7 48.
Rg1 Be8 49. Rxg7+ Kf6 50. Ra7 Bb5 51. Be4 Rd4 52. Bb7 Ra4+ 53. Kb3 Ra5 54. Bf3 Ra1
55. Be4  1/2-1/2

[Event "British Chess Championships 2023: Junior Blitz Open"]
[Site "The Venue, De Montfort University, 20 Western Boulevard, Leicester, LE2 7BU"]
[Date "2023.07.27"]
[Round "2"]
[Board "15"]
[White "Lebedev, Lion"]
[Black "Rastogi, Nayan Keats"]
[Result "1-0"]
[WhiteElo "1865"]
[BlackElo "1434"]
[PlyCount "0"]
[EventDate "2023.07.27"]
[EventRounds "9"]
[EventCountry "ENG"]

1. e4 c5 2. Nf3 d6 3. d4 cxd4 4. Nxd4 Nf6 5. Nc3 a6 6. Be3 e5 7. Nb3 Be6 8. f3 h5
9. Be2 Be7 10. O-O O-O 11. Qd2 Nbd7 12. a4 Nb6 13. Na5 Qc7 14. Rfd1 Nbd7 15. Nb3
Rac8 16. a5 Rfe8 17. Ra4 Qb8 18. Kh1 Rc6 19. Nc1 Qc8 20. N1a2 Bc4 21. Bxc4 Rxc4 22.
Rxc4 Qxc4 23. Qd3 Qxd3 24. Rxd3 Rc8 25. Nb4 Nc5 26. Bxc5 Rxc5 27. Nbd5 Nxd5 28. Rxd5
Rxd5 29. Nxd5 Bd8 30. b4 Kf8 31. Kg1 Ke8 32. c4 Kd7 33. Kf2 Kc6 34. Ke3 g5 35. g4
h4 36. h3 f6 37. Kd3 Kd7 38. Kc3 Kc6 39. Kb3 Kd7 40. Ka3 Kc6 41. Ka4 Kd7 42. b5 Kc8
43. Kb4 Kd7 44. Ka4 Kc8 45. Nb6+ Kb8 46. Kb4 Kc7 47. c5 dxc5+ 48. Kxc5 Be7+ 49. Kc4
axb5+ 50. Kxb5 Bd8 51. Nd5+ Kb8 52. a6 bxa6+ 53. Kxa6 Kc8 54. Kb5 Kd7 55. Kc5 Kc8
56. Kd6 Kb7 57. Ke6 Kc6 58. Nxf6 Bxf6 59. Kxf6 Kc5 60. Kxg5  1-0

[Event "British Chess Championships 2023: Junior Blitz Open"]
[Site "The Venue, De Montfort University, 20 Western Boulevard, Leicester, LE2 7BU"]
[Date "2023.07.27"]
[Round "2"]
[Board "16"]
[White "Vaidyanathan, Adithya"]
[Black "Vaidyanathan, Sathya"]
[Result "1-0"]
[WhiteElo "1810"]
[BlackElo "1635"]
[PlyCount "0"]
[EventDate "2023.07.27"]
[EventRounds "9"]
[EventCountry "ENG"]

1. Nf3 Nf6 2. d4 d5 3. c4 e6 4. Nc3 c6 5. Bg5 Be7 6. e3 a6 7. cxd5 exd5 8. Bd3 Be6
9. h3 h6 10. Bh4 Nbd7 11. O-O O-O 12. Ne2 Nh7 13. Bxe7 Qxe7 14. Nf4 Ng5 15. Nxg5
Qxg5 16. Kh1 Qe7 17. Qb3 Rab8 18. Rac1 Nf6 19. a4 Qd7 20. Qa3 Bf5 21. Be2 Ne4 22.
Kh2 Qd6 23. Qa2 g5 24. f3 Nf6 25. g3 gxf4 26. gxf4 Kh7 27. b3 Rg8 28. Qd2 Qd7 29.
h4 Nh5 30. e4 dxe4 31. fxe4 Bg4 32. Bd3 Kh8 33. f5 Qc7+ 34. e5 Qe7 35. Qxh6#  1-0

[Event "British Chess Championships 2023: Junior Blitz Open"]
[Site "The Venue, De Montfort University, 20 Western Boulevard, Leicester, LE2 7BU"]
[Date "2023.07.27"]
[Round "2"]
[Board "17"]
[White "Thomas, James"]
[Black "Madhavan, Sanjith"]
[Result "0-1"]
[WhiteElo "1616"]
[BlackElo "1793"]
[PlyCount "0"]
[EventDate "2023.07.27"]
[EventRounds "9"]
[EventCountry "ENG"]

1. d4 d5 2. Bf4 Nf6 3. e3 c5 4. c3 Nc6 5. Nd2 Qb6 6. Qb3 c4 7. Qc2 g6 8. Ngf3 Be6
9. Qc1 Bf5 10. Be2 Bg7 11. h3 O-O 12. b3 a5 13. b4 cxb3 14. axb3 Rfc8 15. O-O Na7
16. Qb2 Ne4 17. c4 Nxd2 18. Nxd2 Nc6 19. cxd5 Nb4 20. g4 Rc2 21. Qa3 Rxd2 22. gxf5
Rxe2 23. Rac1 gxf5 24. Qa1 Nd3 25. Qc3 Nxc1 26. Rxc1 h5 27. Qd3 Qg6+ 28. Kf1 Ra2
29. Qb5 Kh7 30. Qxb7 Rg8 31. Qxe7 Be5  0-1

[Event "British Chess Championships 2023: Junior Blitz Open"]
[Site "The Venue, De Montfort University, 20 Western Boulevard, Leicester, LE2 7BU"]
[Date "2023.07.27"]
[Round "2"]
[Board "18"]
[White "Marsden, Rupert"]
[Black "Kumar, Arnav"]
[Result "1-0"]
[WhiteElo "1707"]
[BlackElo "1526"]
[PlyCount "0"]
[EventDate "2023.07.27"]
[EventRounds "9"]
[EventCountry "ENG"]

1. f4 d5 2. Nf3 Nf6 3. g3 g6 4. Bg2 Bg7 5. O-O c6 6. e3 Bf5 7. d3 O-O 8. Nbd2 Nbd7
9. Qe1 Qb6 10. Kh1 Ng4 11. e4 dxe4 12. dxe4 Be6 13. Ng5 Nc5 14. h3 Nf6 15. Nxe6 Nxe6
16. f5 Nd4 17. Qd1 Rfd8 18. c3 Nb5 19. Qc2 Nd7 20. fxg6 hxg6 21. Nc4 Qc7 22. Qf2
Rf8 23. Bf4 e5 24. Be3 Rad8 25. Rad1 Nf6 26. a4 Nd6 27. Nxd6 Rxd6 28. Rxd6 Qxd6 29.
Bc5 Qe6 30. Bxf8 Kxf8 31. Qd2 Nd7 32. Rd1 Ke7 33. c4 Bf6 34. c5 Ke8 35. b4 Qe7 36.
Kh2 Bg5 37. Qd3 Qe6 38. h4 Be7 39. Bh3 f5 40. exf5 Qf6 41. Qxd7+ Kf8 42. Qe6 gxf5
43. Qxf6+ Bxf6 44. Bxf5 Be7 45. Re1 Bf6 46. Kh3 Ke7 47. g4 b6 48. g5 Bh8 49. Kg4
bxc5 50. bxc5 Kf7 51. h5 Kg7 52. h6+ Kf7 53. Kh5 e4 54. Rxe4 Bc3 55. g6+ Kf8 56.
g7+ Bxg7 57. hxg7+ Kxg7 58. Re6 Kf7 59. Rxc6 a5 60. Re6 Kg7 61. c6 Kf7 62. c7 Kg7
63. c8=Q Kf7 64. Qd7+ Kf8 65. Re8#  1-0